Trendy nákupného a spotrebiteľského správania zákazníkov v podmienkach ekonomickej nestability zborník vedeckých statí z riešenia výskumného projektu VEGA 1/0652/10

Podrobná bibliografia
Médium: Program E-kniha
Jazyk:slovenčina
Fyzický popis:1 elektronický optický disk (DVD) fareb. 12 cm
Vydavateľské údaje: V Bratislave Ekonóm 2011
ISBN:9788022532471 (elektronická kniha)
Predmet:

MARC

LEADER 00000nam a2200000 a 4500
001 vtls010321653
003 SK-MaSNL
005 20260301213656.0
007 co cg muuua
008 111031s2011 xo | fs 000 0 slo
015 |a SNBS2014 
020 |a 9788022532471 (elektronická kniha) 
040 |a SNK  |b slo  |c SNK  |e AACR2 
041 0 |a slo 
044 |a xo  |c SK 
072 7 |a 366  |x Ochrana spotrebiteľa. Správanie spotrebiteľa  |2 konspekt 
072 7 |a 005  |x Manažment. Riadenie  |2 konspekt 
080 |a 366.1  |2 2001 
080 |a 005.346  |2 2001 
080 |a 64.033  |2 2001 
080 |a (062.552)  |2 2001 
080 |a (0.034.44)  |2 2001 
245 0 0 |a Trendy nákupného a spotrebiteľského správania zákazníkov v podmienkach ekonomickej nestability  |h elektronický zdroj  |b zborník vedeckých statí z riešenia výskumného projektu VEGA 1/0652/10  |c kolektív 
246 1 4 |a Nové prístupy k výskumu zákazníkov v podmienkach ekonomickej nestability 
260 |a V Bratislave  |b Ekonóm  |c 2011 
300 |a 1 elektronický optický disk (DVD)  |b fareb.  |c 12 cm 
500 |a Vydané pre Ekonomickú univerzitu v Bratislave 
500 |a Na obale disku názov Nové prístupy k výskumu zákazníkov v podmienkach ekonomickej nestability 
500 |a Názov z titulnej obrazovky 
504 |a Bibliogr. odkazy 
516 |a Textový dokument (zborník), súbory vo formáte pdf, xls 
536 |a Projektu VEGA 1/0652/10 "Dynamické aspekty nákupného správania populácie SR v podmienkach ekonomickej nestability" 
538 |a Technické požiadavky: PDF prehliadač, tabuľkový procesor 
650 0 7 |a zákazníci  |2 SNKPH  |9 15634 
650 0 7 |a manažment vzťahov so zákazníkmi  |2 SNKPH  |9 18756 
650 0 7 |a nakupovanie  |2 SNKPH  |9 79130 
650 0 7 |a spotrebiteľské správanie  |2 SNKPH  |9 68696 
650 0 7 |a Customers  |2 SNKPHeng  |9 353645 
650 0 7 |a Customer relationship management  |2 SNKPHeng  |9 114676 
650 0 7 |a Shopping  |2 SNKPHeng  |9 330475 
650 0 7 |a Consumer behavior  |2 SNKPHeng  |9 270338 
655 7 |a elektronické zdroje  |2 SNKPH  |9 90954 
655 7 |a DVD  |2 SNKPH  |9 70751 
655 7 |a zborníky  |2 SNKPH  |9 70165 
655 7 |a Papers  |2 SNKPHeng  |9 265431 
655 7 |a Electronic resources  |2 SNKPHeng  |9 175546 
710 2 |a Ekonomická univerzita v Bratislave  |4 pbl  |9 78770 
919 |a 978-80-225-3247-1 
958 |a NB 
999 |c 922392  |d 924322 
952 |a SNK  |b SNK  |y PREZ  |7 0  |p 17A0757223  |o snkSDVD 1354  |i snk2011/21948  |8 0  |0 0  |1 0  |4 0  |d 2011-10-31  |l 0  |r 2026-02-24 08:20:25  |w 2026-02-24